Nguyễn Minh Châu về tác gia và tác phẩm

Sparad:
Bibliografiska uppgifter
Huvudupphovsman: Nguyễn, Minh Châu
Materialtyp: Bok
Språk:Undetermined
Publicerad: Hà Nội Giáo dục 2007
Ämnen:
Taggar: Lägg till en tagg
Inga taggar, Lägg till första taggen!
Thư viện lưu trữ: Trung tâm Học liệu Trường Đại học Cần Thơ
LEADER 00687nam a2200205Ia 4500
001 CTU_131787
008 210402s9999 xx 000 0 und d
020 |c 123000 
082 |a 809 
082 |b Ch125 
100 |a Nguyễn, Minh Châu 
245 0 |a Nguyễn Minh Châu về tác gia và tác phẩm 
245 0 |c Nguyễn Trọng Hoàn tuyển chọn và giới thiệu 
260 |a Hà Nội 
260 |b Giáo dục 
260 |c 2007 
650 |a Vietnamese literature,Văn học Việt Nam 
650 |x History and criticism,Lịch sử và phê bình 
904 |i Tuyến 
980 |a Trung tâm Học liệu Trường Đại học Cần Thơ